Most Learned Languages on Duolingo for English Speakers - Statistics

General Stats
  • This quiz has been taken 99 times
  • The average score is 20 of 25
Answer Stats
Learners Language % Correct
17.4M German
99%
45.6M Spanish
99%
26M French
98%
9.84M Chinese
96%
21.5M Japanese
96%
5.44M Portuguese
96%
8.2M Russian
96%
7.9M Arabic
92%
12.2M Italian
92%
2.34M Polish
89%
2.23M Swedish
87%
2.62M Greek
85%
17.7M Korean
83%
3.01M Dutch
81%
11.2M Hindi
81%
4.37M Turkish
77%
1.69M Norwegian
76%
1.42M Ukrainian
73%
2.04M Irish
72%
1.02M Romanian
70%
2.84M Vietnamese
68%
1.1M Finnish
66%
1.24M Indonesian
52%
1.64M Hebrew
51%
2.12M Latin
38%
No matching quizzes found
Score Distribution
Percent of People with Each Score
Percentile by Number Answered
Your Score History
You have not taken this quiz